Регионална библиотека "Любен Каравелов" - Русе

Когато промяната се провали (Запис номер 93917)

MARC детайли
000 -Лидер
Контролно поле с фиксирана дължина 02025nam a2200433 c 4500
003 - Код на организацията, давaща контролен номер
Контролно поле BLK
005 - Дата и час на последна редакция
Контролно поле 20231218150640.0
008 - Елементи от данни с фиксирана дължина
fixed length control field 180408b bul|||||r ||||||| ||bul||
010 ## - Наследен системен номер
LC control number KNG00098732000
020 ## - Международен стандартен номер на книга ISBN
Международен стандартен номер на книга ISBN 954-783-051-1
040 ## - Източник на каталожния запис
Идентификатор на билиотеката - собственик на записа BLK
041 ## - Код за език
Код за езика на текст/звукозапис или на отделно заглавие Български
Код за езика КДБФ Български
072 #7 - Код за тематичната категория
Код организация bullib
Код за тематична категория Н6201
Текст Мениджмънт Н
080 ## - УДК
Текстов определител УДК Методи на управление. Мениджмънт. Анализи, планиране, ръководство, сътрудничество, контрол, коопериране и др.
УДК код - определител по УДК 005.5
УДК - код + определител 005.5
080 ## - УДК
Текстов определител УДК Научно управление на обществото. Социални процеси. Социални отношения.
УДК код - определител по УДК 316.43/.47
УДК - код + определител 316.43/.47
139 ## - Редно поле
Редна дума Когато промяната се провали
Авторски знак Ковач - К 72
245 10 - Сведения за заглавието
Заглавие Когато промяната се провали
Подзаглавни данни Какво да правим
Редно поле (дума) прев. от англ. Илияна Гаврилова.
257 ## - Страна на издаване
Страна на създаване/издаване Съединени американски щати
260 ## - Област на издателските данни
Име на издателя, разпространителя и проч. Локус
Година на издаване 2006
Печатница В. Търново : Абагар
300 ## - Физическа характеристика
Страници 176 с.
Размери/Мащаб 22 см
380 ## - Жанр
Жанр Общ отдел
490 1# - СЕРИИ (Колекции)
Име на серия Дилемите на управлението
500 ## - Общи забележки
Забележка Ориг. загл. When Change Comes Undone. - Изд. на Harvard Business School. - Офс. изд. - Съдържа За авторите.
650 #4 - Допълнително описание по предмет – тема
Основно описание – тема или топоним Управление и организация
9 (RLIN) 265069
650 #4 - Допълнително описание по предмет – тема
Основно описание – тема или топоним Управленски труд
9 (RLIN) 244358
650 #4 - Допълнително описание по предмет – тема
Основно описание – тема или топоним Организационно поведение
9 (RLIN) 267078
653 ## - Ключова дума – ненормативна
Ключова дума управленски труд
653 ## - Ключова дума – ненормативна
Ключова дума организационно поведение
653 ## - Ключова дума – ненормативна
Ключова дума мениджмънт
659 ## - Тематичен бюлетин
Тематичен бюлетин Н
700 1# - Други автори (авторска отговорност)
Лично име Гаврилова, Илияна
Автороска отговорност (Описва отношението между автора и произведението) прев. от англ.
9 (RLIN) 305686
852 ## - Местоположение
Форматна сигнатура Цб 250332
856 4# - Електронен адрес и достъп
Електронен формат pdf - файл
856 4# - Електронен адрес и достъп
Електронен формат pdf - файл
999 ## - СИСТЕМНИ КОНТРОЛНИ НОМЕРА
Koha biblionumber 93917
Koha biblioitemnumber 93917
942 ## - АРТИКУЛИ
Вид на библиотечния материал Книги
Скрит в OPAC Не
Koha issues (borrowed), all copies 3
Периодичен библиозапис Да
944 ## - СЪЗДАВАНЕ И РЕДАКЦИЯ на ЗАПИСА
Създаване/Редакция Създаване
Дата на регистрацията/редакция 14.12.2010
Статус, дата на статуса Мартин Енчев
Служител, извършил регистрацията/редакцията 30575
944 ## - СЪЗДАВАНЕ И РЕДАКЦИЯ на ЗАПИСА
Създаване/Редакция Редакция
Дата на регистрацията/редакция 18.01.2017
Статус, дата на статуса ф /
Служител, извършил регистрацията/редакцията Людмила_Стоянова
999 ## - СИСТЕМНИ КОНТРОЛНИ НОМЕРА
Koha biblioitemnumber 93917
Наличности
Код за отписване Код за изгубен артикул Код за повреда Коз за рестрикции Код за отдаване Артикулен № Име на библиотеката - собственик Име на библиотеката, в която се намира в момента Статус (Текущо местоположение) Дата на вписване в системата Местоположение - отдел Цена в лева Инвентарен номер Систематично азбучна сигнатура Баркод Номер на екземпляра Цена в евро Служебна бележка Служебен тип на артикула Източник на класификационната схема
  Не е изгубен Не е повреден без рестрикции ползва се в читалня 150779 Регионална библиотека "Любен Каравелов" Русе Регионална библиотека "Любен Каравелов" Русе Хранилище 2010-12-14 Хранилище 18.00 120000748251 Цб 250332 120000748251 1 9.20 Дост: Dp Вид: Д N: 16 Дата: 14.04.2010 Книги  
  Не е изгубен Не е повреден без рестрикции заемане за дома 150780 Регионална библиотека "Любен Каравелов" Русе Регионална библиотека "Любен Каравелов" Русе Заемна - подръчен фонд 2016-12-21 Заемна - подръчен фонд 5.00 120000806884 005.5/К 72 120000806884 2 2.56 Дост: Pk Вид: Ф N: 475 Дата: 19.12.2016 Дата инв: 06.02.2018 Бележки инв: П2018 Книги Universal Decimal Classification
Vip Innovations Ltd, Rousse, Bulgaria 2025